00882nam a2200169Ia 4500008004100000020001800041050002200059100004000081245015500121260008500276300002600361500004800387650005600435700009300491952011100584999001700695120721s9999 xx 000 0 und d a970-24-0193-3 aQA76.6 M364 c2001 aAlvarez Carbajal, Araceli Guadalupe aComputación 1 : aplicaciones de escritorio y red / Araceli Guadalupe Alvarez Carbajal, Rosa Alicia Elizondo Callejas, Blanca Idalia Martinez Cavazos aMéxico : Grupo Patria Cultural : Universidad Autónoma de Nuevo León, c2001 a239 p. : il. ; 26 cm. aMódulos I y III.-- Incluye apendice a y b a1. Computación - Estudio y enseñanza (Superior) aI. Elizondo Callejas, Rosa Alicia, coaut. II. Martinez Cavazos, Blanca Idalia, coaut.Ì 00104070a08b08d2008-12-17l1oQA76.6 M364 C2001p08 000042r2017-05-03s2017-05-03t1w2012-07-20yLB c81222d81222